| 000 | 00600aas a2200217 4500 | ||
|---|---|---|---|
| 999 |
_c2111 _d2111 |
||
| 003 | BR-BrBNA | ||
| 005 | 20230317233411.0 | ||
| 007 | ta | ||
| 008 | 230119b bl ||||| |||| 00| 0 por d | ||
| 035 | _a000485-5 | ||
| 040 |
_aBR-BrBNA _bPor _cBR-BrBNA |
||
| 042 | _a013492-9 | ||
| 044 | _abl | ||
| 245 | _aBoletim Paranaense de Geografia (Brazil) | ||
| 260 |
_aCuritiba-PR _bUniversidade Federal do Paraná - Instituto de Geografia _c1961. Data final de publicação em 1961 _eBPR |
||
| 270 | _a0101-0239 | ||
| 310 | _airregular | ||
| 505 | _a1961 (2/3); | ||
| 909 |
_a56 _bSergio Santos _c56 _dSergio Santos |
||
| 942 |
_cCR _2AGRIS |
||